00976nam a2200265Ia 4500003000900000008004100009020003000050020003100080022002200111022002300133040001600156100002800172245003800200260005700238300002000295490002900315650004400344650004900388650001600437700003200453856006900485942000700554999001700561952013200578IN-BaIIA211028s9999 xx s 000 0 eng d a978-3-540-43234-0 (Print) a978-3-540-45792-3 (Online) a0075-8450 (Print) a1616-6361 (Online) cIIA Library aPlessas, W., ed.940054 0aLectures on Quark Matterh[eBook] aHeidelberg, BerlinbSpringer Berlin Heidelbergc2002 aOnline resource aLecture Notes in Physics a Astrophysics and Astroparticles918344 a Nuclear Physics, Heavy Ions, Hadrons938413 aPhysics973 aMathelitsch, L., ed.940055 uhttp://doi.org/10.1007/3-540-45792-5yClick Here to Access eBook cEB c21659d21659 00104070aBANbBANd2013-01-01eSpringerhV. 583l0pEB1119r2021-11-05uhttp://doi.org/10.1007/3-540-45792-5w2021-11-05yEB